All 10k+ cities in Michigan on a Map - Statistics

General Stats
  • This quiz has been taken 85 times
  • The average score is 43 of 92
Answers on the Map
Answers color-coded by a green-red scale on the quiz's map according to % correct below.
 
Answer Stats
City Population % Correct
Detroit 639,111
98%
Grand Rapids 198,917
96%
Lansing 112,644
96%
Ann Arbor 123,851
93%
Flint 81,252
91%
Kalamazoo 73,598
89%
Dearborn 109,976
88%
Saginaw 44,202
88%
Warren 139,387
84%
Sterling Heights 134,346
82%
Battle Creek 52,721
81%
Traverse City 15,678
81%
Muskegon 38,318
79%
Sault Ste. Marie 13,337
79%
Marquette 20,629
77%
Bay City 32,661
75%
East Lansing 47,741
75%
Holland 34,378
74%
Dearborn Heights 63,292
70%
Wyoming 76,501
67%
Farmington 11,597
65%
Livonia 95,535
65%
Troy 87,294
65%
Midland 42,547
63%
Rochester 13,035
63%
Port Huron 28,983
61%
Farmington Hills 83,986
60%
Jackson 31,309
60%
Pontiac 61,606
60%
Rochester Hills 76,300
60%
Novi 66,243
58%
St. Clair Shores 58,874
58%
Hamtramck 28,433
54%
Royal Oak 58,211
54%
Southfield 76,618
54%
Westland 85,420
53%
Ypsilanti 20,648
53%
Kentwood 54,304
49%
Taylor 63,409
47%
Cadillac 10,371
46%
Monroe 20,462
46%
Alpena 10,197
44%
Portage 48,891
44%
Escanaba 12,450
42%
Grand Haven 11,011
40%
Mount Pleasant 21,688
40%
Norton Shores 25,030
40%
East Grand Rapids 11,371
39%
Grosse Pointe Farms 10,148
39%
Auburn Hills 24,360
37%
Grosse Pointe Woods 16,487
37%
Eastpointe 34,318
35%
Niles 11,988
35%
Romulus 25,178
35%
Wyandotte 25,058
35%
Adrian 20,645
33%
Burton 29,715
33%
Inkster 26,088
33%
Roseville 47,710
33%
Lincoln Park 40,245
32%
Birmingham 21,813
30%
Grosse Pointe Park 11,595
30%
Madison Heights 28,468
30%
Southgate 30,014
30%
Allen Park 28,638
28%
New Baltimore 12,117
28%
Walker 25,132
28%
Howell 10,068
26%
Sturgis 11,082
26%
Coldwater 13,822
25%
Grandville 16,083
25%
Berkley 15,194
23%
Fenton 12,050
23%
Ferndale 19,190
23%
Flat Rock 10,584
23%
Ionia 13,378
23%
Oak Park 29,560
23%
South Lyon 11,746
23%
Wayne 17,713
23%
Garden City 27,380
21%
Owosso 14,714
21%
Trenton 18,544
21%
Wixom 17,193
21%
Hazel Park 14,983
19%
Mount Clemens 15,697
19%
Beverly Hills 10,541
18%
Fraser 14,726
18%
Harper Woods 15,492
18%
Woodhaven 12,941
16%
Clawson 11,389
14%
Melvindale 12,851
14%
Riverview 12,490
14%
No matching quizzes found
Score Distribution
Percent of People with Each Score
Percentile by Number Answered
Your Score History
You have not taken this quiz